000 00822cam a22002293a 4500
001 22345
003 PGUSA
005 20140828083457.0
008 070817s2007||||xxu|||||s|||||000 | eng d
040 _aPGUSA
_beng
042 _adc
050 4 _aDC
100 1 _aFleury de Chaboulon, Pierre Alexandre Édouard, baron,
_d1779-1835
245 1 0 _aMemoirs of the Private Life, Return, and Reign of Napoleon in 1815, Vol. I
_h[electronic resource] /
_cPierre Alexandre Édouard, baron Fleury de Chaboulon
260 _bProject Gutenberg,
_c2007
506 _aPublic domain in the USA.
516 _aElectronic text
653 _aNapoleon I, Emperor of the French, 1769-1821 -- Elba and the Hundred Days, 1814-1815
830 0 _aProject Gutenberg
_v22345
856 4 0 _uhttp://www.gutenberg.org/ebooks/22345
942 _cEB
999 _c251600
_d251600